Every Winner Of The F1 Imola Grand Prix - Statistics

General Stats
  • This quiz has been taken 13 times
  • The average score is 26 of 31
Answer Stats
Hint Answer % Correct
1984 Alain Prost
100%
1986 Alain Prost
100%
1993 Alain Prost
100%
1988 Ayrton Senna
100%
1989 Ayrton Senna
100%
1991 Ayrton Senna
100%
2021 Max Verstappen
100%
2022 Max Verstappen
100%
2024 Max Verstappen
100%
2025 Max Verstappen
100%
1994 Michael Schumacher
100%
1999 Michael Schumacher
100%
2000 Michael Schumacher
100%
2002 Michael Schumacher
100%
2003 Michael Schumacher
100%
2004 Michael Schumacher
100%
2006 Michael Schumacher
100%
2001 Ralf Schumacher
100%
2005 Fernando Alonso
91%
2020 Lewis Hamilton
91%
1987 Nigel Mansell
91%
1992 Nigel Mansell
91%
1995 Damon Hill
82%
1996 Damon Hill
82%
1981 Nelson Piquet
82%
1998 David Coulthard
73%
1990 Riccardo Patrese
45%
1997 Heinz-Harald Frentzen
36%
1982 Didier Pironi
9%
1985 Elio De Angelis
9%
1983 Patrick Tambay
9%
No matching quizzes found
Score Distribution
Percent of People with Each Score
Percentile by Number Answered
Your Score History
You have not taken this quiz